[Event "Sautron op qual 19th"]
[Site "Sautron"]
[Date "2019.08.31"]
[Round "3.10"]
[White "Zollino, Anthony"]
[Black "Pascal, Jonathan"]
[Result "1/2-1/2"]
[WhiteElo "1925"]
[BlackElo "1888"]
[PlyCount "46"]
[EventDate "2019.08.30"]
[EventType "swiss"]
[EventRounds "6"]
[EventCountry "FRA"]
[SourceTitle "EXT 2021"]
[Source "ChessBase"]
[SourceDate "2020.10.23"]
[SourceVersion "1"]
[SourceVersionDate "2020.10.23"]
[SourceQuality "1"]

1. e4 c5 2. Nf3 e6 3. d4 cxd4 4. Nxd4 a6 5. Nc3 Qc7 6. Be2 Nf6 7. Bf3 Nc6 8. 0-0 Be7 9. Bg5 0-0 10. Re1 d6 11. Qd2 Ne5 12. Rad1 b5 13. a3 Bb7 14. Bxf6 Bxf6 15. Be2 Rfd8 16. Qe3 Rac8 17. Rd2 Rd7 18. Red1 Rcd8 19. h3 Nc4 20. Bxc4 Qxc4 21. g4 h6 22. Kh2 Qc7 23. Re2 Qc5 1/2-1/2

[Event "Gorges op 29th"]
[Site "Gorges"]
[Date "2019.07.07"]
[Round "5"]
[White "Bourdeaux, Gabin"]
[Black "Pascal, Jonathan"]
[Result "0-1"]
[WhiteElo "2050"]
[BlackElo "1842"]
[PlyCount "110"]
[EventDate "2019.07.05"]
[EventType "swiss"]
[EventRounds "5"]
[EventCountry "FRA"]
[SourceTitle "EXT 2020"]
[Source "ChessBase"]
[SourceDate "2019.10.17"]
[SourceVersion "1"]
[SourceVersionDate "2019.10.17"]
[SourceQuality "1"]

1. e4 c5 2. Nf3 e6 3. d4 cxd4 4. Nxd4 a6 5. Bd3 Nf6 6. 0-0 Qc7 7. Nc3 d6 8. Kh1 Be7 9. f4 0-0 10. Qe2 Nbd7 11. f5 e5 12. Nb3 b5 13. Qf2 Bb7 14. a3 d5 15. exd5 Nxd5 16. Nxd5 Bxd5 17. Qg3 f6 18. Bh6 Rf7 19. Nd2 Nc5 20. Be3 Nxd3 21. cxd3 Qc2 22. Ne4 Bxe4 23. dxe4 Qxe4 24. Rac1 Qb7 25. Qh4 Rc8 26. Rf3 Rxc1+ 27. Bxc1 Qd5 28. Be3 Qd1+ 29. Bg1 Bc5 30. Rf2 Rd7 31. h3 Rd2 32. Kh2 Bxf2 33. Bxf2 Qe2 34. Kg1 Rxb2 35. Qg3 Qd1+ 36. Kh2 Rb3 37. Qh4 Rd3 38. Qe4 Rd8 39. Qc6 Qd6 40. Qc2 e4+ 41. Bg3 Qd3 42. Qc6 e3 43. Bc7 Qd7 44. Qc3 Re8 45. Bg3 Qxf5 46. Qc6 Qe6 47. Qc3 e2 48. Qe1 Rd8 49. Qa5 Rd1 50. Be1 Qe5+ 51. g3 Qd6 52. Bf2 Qd2 53. Qxa6 e1Q 54. Qa8+ Kf7 55. Qd5+ Kg6 0-1

[Event "Rochefort op-B 16th"]
[Site "Rochefort"]
[Date "2017.02.18"]
[Round "7"]
[White "Pascal, Jonathan"]
[Black "Banana, Adnane"]
[Result "1-0"]
[WhiteElo "1783"]
[BlackElo "1861"]
[PlyCount "71"]
[EventDate "2017.02.18"]
[EventType "swiss"]
[EventRounds "9"]
[EventCountry "FRA"]
[SourceTitle "CBM 177 Extra"]
[Source "ChessBase"]
[SourceDate "2017.04.27"]
[SourceVersion "1"]
[SourceVersionDate "2017.04.27"]
[SourceQuality "1"]

1. e4 c5 2. Nf3 d6 3. d4 cxd4 4. Nxd4 Nf6 5. Nc3 a6 6. Bg5 e6 7. f4 Be7 8. Qf3 Qc7 9. 0-0-0 Nbd7 10. g4 b5 11. Bxf6 Nxf6 12. g5 Nd7 13. h4 b4 14. Nce2 Bb7 15. Ng3 Rc8 16. Bh3 Nc5 17. Kb1 d5 18. e5 g6 19. b3 a5 20. Bf1 0-0 21. h5 a4 22. hxg6 fxg6 23. Qg4 axb3 24. cxb3 Ra8 25. Bd3 Qa5 26. Rd2 Rxf4 27. Qh3 Kf7 28. Qxh7+ Ke8 29. Qxg6+ Kd7 30. Bb5+ Kc7 31. Nxe6+ Nxe6 32. Qxe6 Qxb5 33. Qxe7+ Kb6 34. Rh7 Rb8 35. Qc7+ Ka7 36. e6 1-0

[Event "Angers op 5th"]
[Site "Angers"]
[Date "2010.04.25"]
[Round "6"]
[White "Pascal, Jonathan"]
[Black "Caillot, Arnaud"]
[Result "1-0"]
[WhiteElo "1882"]
[BlackElo "1717"]
[PlyCount "37"]
[EventDate "2010.04.23"]
[EventType "swiss"]
[EventRounds "6"]
[EventCountry "FRA"]
[SourceTitle "EXT 2011"]
[Source "ChessBase"]
[SourceDate "2010.11.26"]
[SourceVersion "1"]
[SourceVersionDate "2010.11.26"]
[SourceQuality "1"]

1. e4 e5 2. f4 exf4 3. Bc4 h6 4. d4 Qh4+ 5. Kf1 d6 6. Nf3 Bg4 7. Bxf4 Nf6 8. Nbd2 Qh5 9. e5 Nh7 10. Qe1 Kd8 11. Qe4 Nc6 12. c3 Bf5 13. Qe3 g5 14. Bg3 Kd7 15. d5 Nxe5 16. Nxe5+ dxe5 17. Qxe5 Bd6 18. Bb5+ c6 19. Qxd6+ 1-0